01282nam a22002057a 4500003000400000005001700004008004100021040001400062041000800076082001300084100002900097245002800126264005000154300004000204521075200244650001200996650001901008650001201027700003701039OSt20240919142505.0240919b ||||| |||| 00| 0 spa d cCO-Mq BPB aspa aJNbCOLe aColastica, RolandeAutor aEstallidos en mi cabeza aBogota:bCarvajal Soluciones Educativasc2016 a216 páginas bTapa rusticac21 cm aJurcell, un joven que tiene una posición social reconocida y admirada, pues su padre es un apreciado y rico futbolista. En distintos ámbitos de la vida del joven surgen conflictos: en el núcleo familiar sobreviene el distanciamiento de sus padres, mientras que en el ambiente escolar surge la rivalidad y celos hacia un compañero de aula y deporte: Gerrit. Estas situaciones lo llevan a involucrarse y delinquir con una pandilla llamada Black Cobras. A lo largo de la historia, Jurcell vive una iniciación importante, no como pandillero, sino respecto a la amistad verdadera, pues se da cuenta de que Gerrit, a quien en realidad no consideraba su amigo y tenía catalogado de pedante e inclusive racista, resulta ser un verdadero amigo. aRacismo aNovela juvenil aFamilia aGómez, Jael StellaeEditora ll